Normal view
MARC view
- Evaluación educativa
Entry Materia
001 - NÚMERO DE CONTROL DEL REGISTRO
- campo de control: 56251
003 - IDENTIFICADOR DE NUMERO DE CONTROL
- campo de control: MX-MxUPN
005 - FECHA Y HORA DE LA ÚLTIMA TRANSACCIÓN
- campo de control: 20250402091025.0
008 - DATOS DE LONGITUD FIJA
- campo de control de longitud fija: 250402dn fcannbabb | ana d
040 ## - FUENTE DE LA CATALOGACIÓN
- Centro catalogador de origen: MX-MxUPN
- Lengua de catalogación: spa
150 ## - ENCABEZAMIENTO - TEMÁTICO
- Término de materia o nombre geográfico como elemento inicial: Evaluación educativa
- Subdivisión geográfica: Egipto
- Subdivisión de forma: Congresos
670 ## - FUENTE EN LA QUE SE LOCALIZARON DATOS
- Cita de la fuente: Autoridades BGTQ, 2 abril 2025 :
- Información localizada: (Evaluación educativa -- Egipto -- Congresos)
902 ## - CATALOGADOR
- Catalogador: VíctorGodínez/020425
